Amazon's 100 Children's Books Quiz Stats

 Plays Quiz Updated May 5, 2018

Score 0/100 Timer 20:00
1 Play Today
Author Book % Correct
J. K . RowlingHarry Potter and the Sorcerer's Stone
88.9%
Lewis CarrollAlice's Adventures in Wonderland & Through the Looking-Glass
84.2%
Dr. SeussDr Seuss's Beginner Book Collection
78.7%
AesopAesop's Fables
77.4%
C.S. LewisThe Lion, the Witch and the Wardrobe
73.5%
Louisa May AlcottLittle Women
73.3%
A.A. MilneThe House at Pooh Corner
72.7%
Roald DahlCharlie and the Chocolate Factory
72.5%
E. B. WhiteCharlotte's Web
70.4%
Beatrix PotterThe Complete Tales
70%
Rudyard KiplingThe Jungle Book
67.4%
J. M. BarriePeter Pan
65.4%
Laura Ingalls WilderLittle House on the Prairie
63%
Lemony SnicketThe Bad Beginning: Or Orphans
60.2%
L. Frank BaumThe Wizard of OZ
59.2%
Robert Louis StevensonTreasure Island
58.3%
Madeleine L'EngleA Wrinkle in Time
57.8%
Antoine de Saint-ExupéryThe Little Prince
55.2%
Anna SewellBlack Beauty
52.1%
Maurice SendakWhere the Wild Things Are
51.9%
L. M. MontgomeryAnne of Green Gables
49.2%
Jack LondonThe Call of the Wild
48%
Shel SilversteinWhere the Sidewalk Ends
45.8%
Frances Hodgson BurnettThe Secret Garden
45.6%
Eric CarleThe Very Hungry Caterpillar
44.5%
Judy BlumeAre You There God? It's Me, Margaret
42.6%
Jacob & Wilhelm GrimmGrimm's Complete Fairy Tales
42.6%
Louis SacharHoles
41.8%
Astrid LindgrenPippi Longstocking
38%
Kenneth GrahameThe Wind in the Willows
37.4%
Lois LowryThe Giver
35.5%
Margaret Wise BrownGoodnight Moon
33.2%
Rick RiordanPercy Jackson and the Olympians: The Lightning Thief
33%
Richard AdamsWatership Down
32.9%
Author Book % Correct
Carolyn KeeneThe Secret of the Old Clock
30.7%
H. A. ReyThe Complete Adventures of Curious George
27.2%
Neil GaimanCoraline
26.6%
Ludwig BemelmansMadeline
23.9%
Scott O'DellIsland of the Blue Dolphins
22.8%
Jeff KinneyDiary of a Wimpy Kid
22.5%
Katherine PatersonBridge to Terabithia
20%
Franklin W. DixonThe Tower Treasure
19.8%
Peggy ParishAmelia Bedelia
19.5%
Norton JusterThe Phantom Tollbooth
19.3%
P.D. EastmanAre You My Mother?
18.6%
Ezra Jack KeatsThe Snowy Day
16.9%
Mary NortonThe Borrowers
15.7%
R. J. PalacioWonder
15.6%
Wilson RawlsWhere the Red Fern Grows
15.5%
Robert McCloskeyMake Way for Ducklings
15%
Chris Van AllsburgJumanji
14.9%
Crockett JohnsonHarold and the Purple Crayon
14.8%
Natalie BabbitTuck Everlasting
14.4%
Donald J. SobolEncyclopedia Brown, Boy Detective
13.9%
E. L. KonigsburgFrom the Mixed-up Files of Mrs. Basil E. Frankweiler
13.7%
Don FreemanCorduroy
13.7%
Gertrude Chandler WarnerThe Boxcar Children
13.5%
Jean De BrunhoffThe Story of Babar: The Little Elephant
13.5%
Louise FitzhughHarriet the Spy
13.4%
Beverly ClearyThe Mouse and the Motorcycle
13.3%
Jerry SpinelliManiac Magee
13.2%
Mo WillemsDon't Let the Pigeon Drive the Bus
12.7%
Judith ViorstAlexander and the Terrible, Horrible, No Good, Very Bad Day
12.2%
Ellen RaskinThe Westing Game
11.5%
Kate DiCamilloThe Tale of Despereaux: Being the Story of a Mouse, a Princess, Some Soup and a Spool of Thread
11.1%
Jean Craighead GeorgeMy Side of the Mountain
10.3%
Munro LeafThe Story of Ferdinand
9.8%
Sharon CreechWalk Two Moons
9.6%
Author Book % Correct
Watty PiperThe Little Engine That Could
9%
Brian SelznickThe Invention of Hugo Cabret
8.7%
Bill Martin Jr.Chicka Chicka Boom Boom
8.4%
Pam Muñoz RyanEsperanza Rising
8.1%
Ian FalconerOlivia
8%
Maud Hart LovelaceBetsy-Tacy
8%
Robert MunschThe Paper Bag Princess
7.7%
Sam McBratneyGuess How Much I Love You
7.1%
Russell HobanBread and Jam for Frances
7.1%
Judi BarrettCloudy with a Chance of Meatballs
7%
Robert C. O'BrienMrs. Frisby and the Rats of NIMH
6.9%
Esphyr SlobodkinaCaps for Sale: A Tale of a Peddler, Some Monkeys and Their Monkey Business
6.8%
Betty MacDonaldMrs. Piggle-Wiggle
6.5%
Anna DewdneyLlama Llama Red Pajama
6.4%
Virginia Lee BurtonMike Mulligan and his Steam Shovel
6.3%
Florence and Richard AtwaterMr. Popper's Penguins
6.2%
Ingri d'AulaireD'Aulaires' Book of Greek Myths
5.7%
William SteigSylvester and the Magic Pebble
5.5%
Christopher Paul CurtisThe Watsons Go to Birmingham--1963
5.4%
George SeldenThe Cricket in Times Square
5.1%
Dorothy KunhardtPat the Bunny
5.1%
Kevin HenkesOwen
4.6%
Justin Richardson & Peter ParnellAnd Tango Makes Three
4.5%
Drew DaywaltThe Day the Crayons Quit
4.3%
Herve TulletPress Here
4.3%
Grace LinWhere the Mountain Meets the Moon
3.9%
Sherri Duskey RinkerGoodnight Goodnight, Construction Site
3.8%
Holling C. HollingPaddle-to-the-Sea
3.6%
Gary D. SchmidtThe Wednesday Wars
3.5%
Blanche Fisher WrightThe Real Mother Goose
3%
David MacaulayThe New Way Things Work
3%
William JoyceThe Fantastic Flying Books of Mr. Morris Lessmore
2.4%

You're not logged in!

Compare scores with friends on all Sporcle quizzes.
OR
Log In

Sporcle TV

Today on Sporcle TV


Watch our educational content, quiz creation guides, and fun videos on Sporcle TV.

Show Comments

Extras

Top Quizzes Today


Score Distribution

Your Account Isn't Verified!

In order to create a playlist on Sporcle, you need to verify the email address you used during registration. Go to your Sporcle Settings to finish the process.

Report this User

Report this user for behavior that violates our Community Guidelines.

Details: